[Event "Umuarama JOJUPS Cup"]
[Site "Umuarama"]
[Date "2013.??.??"]
[Round "3"]
[White "Alves, Thiago Henrique"]
[Black "Ferreira, Paulo Muraro"]
[Result "0-1"]
[WhiteElo "1775"]
[BlackElo "1848"]
[PlyCount "70"]
[EventDate "2013.10.19"]
[EventType "team-swiss"]
[EventRounds "6"]
[EventCountry "BRA"]
[SourceTitle "EXT 2014"]
[Source "ChessBase"]
[SourceDate "2013.11.20"]
[SourceVersion "1"]
[SourceVersionDate "2013.11.20"]
[SourceQuality "1"]
[WhiteTeam "Umuarama"]
[BlackTeam "Londrina"]
[WhiteTeamCountry "BRA"]
[BlackTeamCountry "BRA"]

1. Nf3 c6 2. d4 Nf6 3. Bf4 d5 4. g3 Bf5 5. Nbd2 e6 6. a4 Be7 7. Bg2 0-0 8. c4 a5 9. Qb3 Qc8 10. Ne5 Na6 11. 0-0 Nb4 12. Rac1 Nh5 13. cxd5 exd5 14. e4 dxe4 15. Nxe4 Nxf4 16. gxf4 Be6 17. Qg3 Bd5 18. Rfe1 Qd8 19. Nc3 Bxg2 20. Kxg2 Nd5 21. Nxd5 Qxd5+ 22. Nf3 Bd6 23. Kg1 Ra6 24. Rcd1 f6 25. Re2 Rb6 26. Kh1 Rb3 27. Re3 Rxb2 28. Rg1 g6 29. Rg2 Rb1+ 30. Ng1 Qf5 31. Qf3 Qxf4 32. Qh3 f5 33. Rf3 Qxd4 34. Qh5 Kg7 35. Re3 Rxg1+ 0-1

[Event "Umuarama JOJUPS Cup"]
[Site "Umuarama"]
[Date "2013.??.??"]
[Round "5"]
[White "Alves, Thiago Henrique"]
[Black "Kaneda, Eric Kazuichi"]
[Result "0-1"]
[WhiteElo "1775"]
[BlackElo "1796"]
[PlyCount "63"]
[EventDate "2013.10.19"]
[EventType "team-swiss"]
[EventRounds "6"]
[EventCountry "BRA"]
[SourceTitle "EXT 2014"]
[Source "ChessBase"]
[SourceDate "2013.11.20"]
[SourceVersion "1"]
[SourceVersionDate "2013.11.20"]
[SourceQuality "1"]
[WhiteTeam "Umuarama"]
[BlackTeam "Campo Mourao"]
[WhiteTeamCountry "BRA"]
[BlackTeamCountry "BRA"]

1. Nf3 Nf6 2. d4 c5 3. Nc3 e6 4. d5 exd5 5. Nxd5 Nxd5 6. Qxd5 Be7 7. h4 0-0 8. Bg5 Na6 9. Qe4 Re8 10. Ne5 d6 11. Nxf7 Kxf7 12. Qxh7 Bxg5 13. Qh5+ Ke7 14. Qxg5+ Kf8 15. Qh5 Qf6 16. 0-0-0 Bd7 17. Qf3 Qxf3 18. exf3 Bc6 19. Bxa6 bxa6 20. Rxd6 Bb5 21. Rhd1 Re2 22. R6d2 Rae8 23. b3 c4 24. a4 Bc6 25. Kb2 cxb3 26. cxb3 R2e7 27. Ka3 Kf7 28. h5 Re2 29. Rd6 Bb7 30. h6 gxh6 31. Rxh6 Kg7 32. Rdh1 0-1

[Event "Umuarama JOJUPS Cup"]
[Site "Umuarama"]
[Date "2013.??.??"]
[Round "4"]
[White "Farhat, Mohamed Abdallah"]
[Black "Alves, Thiago Henrique"]
[Result "1/2-1/2"]
[WhiteElo "1793"]
[BlackElo "1775"]
[PlyCount "134"]
[EventDate "2013.10.19"]
[EventType "team-swiss"]
[EventRounds "6"]
[EventCountry "BRA"]
[SourceTitle "EXT 2014"]
[Source "ChessBase"]
[SourceDate "2013.11.20"]
[SourceVersion "1"]
[SourceVersionDate "2013.11.20"]
[SourceQuality "1"]
[WhiteTeam "Foz do Iguacu"]
[BlackTeam "Umuarama"]
[WhiteTeamCountry "BRA"]
[BlackTeamCountry "BRA"]

1. d4 d5 2. c4 c6 3. cxd5 cxd5 4. Nc3 Nf6 5. Nf3 Bf5 6. a3 Nc6 7. Bg5 Ne4 8. Bh4 Nxc3 9. bxc3 Qa5 10. Qb3 e6 11. Rc1 Qxa3 12. Qd1 Rc8 13. e3 Be7 14. Bxe7 Nxe7 15. Bb5+ Nc6 16. Ne5 0-0 17. Bxc6 bxc6 18. 0-0 a5 19. h4 Qe7 20. Qa4 Qxh4 21. Qxa5 Qd8 22. Qc5 Qc7 23. Ra1 Rfd8 24. Ra6 Qd6 25. Rxc6 Rxc6 26. Qxc6 f6 27. Qxd6 Rxd6 28. Nf3 Rc6 29. Ra1 Bg4 30. Nh2 Be2 31. Rc1 Ra6 32. Nf1 e5 33. Ng3 Bd3 34. Rd1 Bc2 35. Rd2 Bb3 36. e4 Ra2 37. Rxa2 Bxa2 38. Kf1 exd4 39. cxd4 Kf7 40. exd5 Bxd5 41. f3 Ke6 42. Kf2 g6 43. Ke3 f5 44. Ne2 g5 45. g3 h5 46. Ng1 Bc4 47. Nh3 Kf6 48. Nf2 Ke6 49. Nh3 Kf6 50. Nf2 Bf1 51. Nd1 Ke6 52. Nf2 Kd5 53. Nd1 Bc4 54. Nc3+ Kd6 55. Nd1 h4 56. gxh4 gxh4 57. Nf2 Bf1 58. Kf4 Ke6 59. d5+ Kf6 60. d6 Bb5 61. Nh3 Bd7 62. Ng5 Be8 63. Nh3 Ke6 64. Kg5 Kxd6 65. Kxh4 Ke5 66. Kg5 Kd4 67. Kxf5 Kd5 1/2-1/2

[Event "Parana-chT U18"]
[Site "Sao Jose dos Pinhais"]
[Date "2012.11.17"]
[Round "4.1"]
[White "Santana, Emerson Pereira"]
[Black "Alves, Thiago Henrique"]
[Result "1-0"]
[WhiteElo "1551"]
[BlackElo "1715"]
[PlyCount "177"]
[EventDate "2012.11.14"]
[EventType "team-swiss"]
[EventRounds "7"]
[EventCountry "BRA"]
[SourceTitle "EXT 2024"]
[Source "ChessBase"]
[SourceDate "2023.10.10"]
[SourceVersion "1"]
[SourceVersionDate "2023.10.10"]
[SourceQuality "1"]
[WhiteTeam "Araucaria"]
[BlackTeam "Umuarama"]
[WhiteTeamCountry "BRA"]
[BlackTeamCountry "BRA"]

1. e4 e5 2. f4 exf4 3. Nf3 Nc6 4. d4 d6 5. Bxf4 Bg4 6. Bb5 a6 7. Bxc6+ bxc6 8. Nc3 Qf6 9. Bg3 Bxf3 10. Qxf3 Qxd4 11. Rd1 Qf6 12. Qe3 Be7 13. e5 Qe6 14. 0-0 d5 15. Rf3 Bb4 16. Rdf1 Nh6 17. Ne2 Qe7 18. Bf2 Ng4 19. Qf4 Nxf2 20. R1xf2 Bc5 21. Nd4 Bxd4 22. Qxd4 Rf8 23. e6 f6 24. Re2 f5 25. Qa4 Qc5+ 26. Kf1 g5 27. g4 f4 28. Qb3 Ke7 29. Qd3 Qa5 30. Qxh7+ Kd6 31. e7 Rfe8 32. Qg6+ Kc5 33. Rc3+ Kb6 34. Qxc6+ Ka7 35. Qxc7+ Qxc7 36. Rxc7+ Kb6 37. Rc3 Ra7 38. Re6+ Kb5 39. Rd6 Rexe7 40. Rxd5+ Kb6 41. Rxg5 Rac7 42. Rxc7 Kxc7 43. Rf5 Re4 44. h4 f3 45. Rxf3 Rxg4 46. Rh3 Kd7 47. Ra3 Rxh4 48. Rxa6 Rh1+ 49. Ke2 Rh2+ 50. Kd3 Kc7 51. Rg6 Rh3+ 52. Kc4 Rh4+ 53. Kb3 Rh5 54. a4 Rh8 55. c4 Rb8+ 56. Kc3 Rf8 57. b4 Rf3+ 58. Kd4 Rf4+ 59. Kd5 Rf5+ 60. Ke4 Rh5 61. b5 Rh1 62. a5 Rh4+ 63. Kd5 Rh5+ 64. Kd4 Kb7 65. Rg7+ Ka8 66. a6 Rh8 67. Kc5 Rc8+ 68. Kb6 Re8 69. Rb7 Re6+ 70. Ka5 Rxa6+ 71. Kb4 Kxb7 72. bxa6+ Kxa6 73. Kc5 Kb7 74. Kd6 Kc8 75. c5 Kb7 76. Kd7 Kb8 77. c6 Ka7 78. c7 Kb7 79. c8R Kb6 80. Kd6 Kb5 81. Rc7 Kb4 82. Kd5 Ka5 83. Rb7 Ka6 84. Kc6 Ka5 85. Kc5 Ka6 86. Rb1 Ka7 87. Kc6 Ka8 88. Kc7 Ka7 89. Ra1# 1-0

[Event "Sao Jose dos Pinhais tt"]
[Site "Sao Jose dos Pinhais"]
[Date "2012.11.16"]
[Round "3.1"]
[White "Alves, Thiago Henrique"]
[Black "Da Silva, Lucas Ulisses Tomaz"]
[Result "1/2-1/2"]
[WhiteElo "1715"]
[BlackElo "2058"]
[PlyCount "145"]
[EventDate "2012.11.14"]
[EventType "team-swiss"]
[EventRounds "7"]
[EventCountry "BRA"]
[SourceTitle "CBM 151 Extra"]
[Source "ChessBase"]
[SourceDate "2012.12.18"]
[SourceVersion "1"]
[SourceVersionDate "2012.12.18"]
[SourceQuality "1"]
[WhiteTeam "Umuarama"]
[BlackTeam "Maringa"]
[WhiteTeamCountry "BRA"]
[BlackTeamCountry "BRA"]

1. Nf3 d5 2. g3 Nf6 3. d4 e6 4. Nc3 b6 5. Bg2 Bb7 6. Bg5 Nbd7 7. 0-0 Be7 8. Bxf6 Bxf6 9. a4 a6 10. Re1 0-0 11. e4 dxe4 12. Nxe4 Be7 13. Nfd2 Kh8 14. c4 Bb4 15. Nc3 Bxg2 16. Kxg2 Nf6 17. Nde4 Nxe4 18. Rxe4 Bxc3 19. bxc3 Qd7 20. Qe2 Qc6 21. f3 Kg8 22. Ra2 Rfd8 23. Qd3 h6 24. Qe2 b5 25. axb5 axb5 26. cxb5 Qxc3 27. Rc2 Qa5 28. Qc4 Rd5 29. Re5 Rad8 30. Kh3 Rxd4 31. Qxc7 Qxc7 32. Rxc7 Rb8 33. Rec5 Rb4 34. Rc8+ Rxc8 35. Rxc8+ Kh7 36. Rb8 g5 37. g4 Rb2 38. Rb7 Kg6 39. Rb6 Kf6 40. Kg3 Kg6 41. h4 Kf6 42. hxg5+ hxg5 43. Rb7 Kg7 44. b6 Kf6 45. Rb8 Kg7 46. b7 Kf6 47. Kh3 Ke5 48. Kg3 Kf6 49. Kh3 Ke5 50. Rg8 Rxb7 51. Rxg5+ Kf4 52. Rc5 Kxf3 53. Rc3+ Kf4 54. Rc4+ Ke5 55. g5 Kf5 56. Kh4 Rb8 57. Rc5+ e5 58. Rc7 Rh8+ 59. Kg3 Rh7 60. Re7 Kxg5 61. Rxe5+ f5 62. Rc5 Rd7 63. Kf3 Rd3+ 64. Ke2 Ra3 65. Rc8 Kf4 66. Rf8 Ra2+ 67. Kd3 Kg4 68. Ke3 Ra3+ 69. Kf2 Ra2+ 70. Ke3 Ra3+ 71. Kf2 Ra2+ 72. Ke3 Ra3+ 73. Kf2 1/2-1/2